Facility management v synergii s PPP : 3MA325 /

Hlavní autor: Vyskočil, Vlastimil K., 1948-
Korporativní autor: Vysoká škola ekonomická v Praze. Katedra managementu
Jazyk: Čeština
Vydáno: Praha : Oeconomica, 2008
Témata:
Fyzický popis: 32 s. ; 21 cm + 1 CD-ROM
Knihy
Uloženo v:
LEADER 01600nam a2200409 a 4500
001 nkc20081818647
003 CZ PrNK
005 20081114143513.0
007 ta
008 080909s2008 xr e p 000 0 cze
015 |a cnb001818647 
020 |a 978-80-245-1382-9  |q (brož.) 
035 |a (OCoLC)271611638 
040 |a OLA001  |b cze  |d ABA001 
072 7 |a 005  |x Management. Řízení  |2 Konspekt  |9 4 
072 7 |a 37.016  |x Učební osnovy. Vyučovací předměty. Učebnice  |2 Konspekt  |9 22 
080 |a 005.93  |2 MRF 
080 |a 334.752:334.012.32/.33  |2 MRF 
080 |a (075.8)  |2 MRF 
100 1 |a Vyskočil, Vlastimil K.,  |d 1948-  |7 xx0013420  |4 aut 
245 1 0 |a Facility management v synergii s PPP :  |b 3MA325 /  |c [Vlastimil Karel Vyskočil] 
260 |a Praha :  |b Oeconomica,  |c 2008 
300 |a 32 s. ;  |c 21 cm +  |e 1 CD-ROM 
500 |a Nad názvem: Vysoká škola ekonomická, Fakulta podnikohospodářská, katedra managementu 
504 |a Obsahuje bibliografii a bibliografické odkazy 
650 0 7 |a facility management  |7 ph216779  |2 czenas 
650 0 7 |a veřejně-soukromá partnerství  |7 ph367700  |2 czenas 
650 0 9 |a facility management  |2 eczenas 
650 0 9 |a public-private partnerships  |2 eczenas 
655 7 |a učebnice vysokých škol  |7 fd133772  |2 czenas 
655 9 |a textbooks (higher)  |2 eczenas 
710 2 |a Vysoká škola ekonomická v Praze.  |b Katedra managementu  |7 olak2004225784 
910 2 |a BOA001  |b 2-1210.644 
990 |a BK 
995 |a 01 
991 |b 200809  |c NOV 
996 6 |b 2610353507  |c 2-1210.644  |l MZK  |r Sklad / do 1 hodiny  |n 3  |p p.v.  |w 000911401  |u 000010  |a 1  |e BOA001  |j MZK50  |s P